000 01417nam a2200349 i 4500
001 000017784
003 DO-SdBNP
005 20260521073716.0
007 ta
008 100405s1997 dr 001 0 spa d
020 _a8489525544
040 _aDO-SdBNP
_bspa
_cBNPHU
_erda
082 4 _a320.51
_bS255u
_222
100 1 _aSang, Mu-Kien A.
_d1955-
_q(Mu-Kien Adriana)
_eautor
_9331
245 1 0 _aUna utopía inconclusa :
_bEspaillat y el liberalismo dominicano del siglo XIX /
_cMu-kien Adriana Sang ; prólogo, Wenceslao Vega B.
264 4 _aSanto Domingo :
_bEditora INTEC,
_c1997.
300 _a479 páginas ;
_c23 cm.
336 _atexto
_btxt
_2rdacontent
337 _asin mediación
_bn
_2rdamedia
338 _avolumen
_bnc
_2rdacarrier
500 _aIncluye datos biográficos de la autor en las solapas
500 _aIncluye referencias bibliográficas, notas al pie de las páginas e índice
504 _aBibliografía : páginas 443-460
590 _aInventariado, 2018/DG
600 1 4 _aEspaillat Quiñones, UlisesFrancisco,
_d1823-1878
_96567
650 4 _aLiberalismo
_zRepública Dominicana
_xHistoria
_ySiglo XIX
_938669
651 4 _aRepública Dominicana
_xPolítica y gobierno
_y1844-1930
_96961
700 1 _aVega B., Wenceslao,
_d1932-
_eprologuista
_4pr.
_938670
710 2 _aInstituto Tecnológico de Santo Domingo
_978911
910 _aValidado. Control de calidad MFF
942 _2ddc
_cLBS1
999 _c17309
_d17309